|
|
|
|
| LEADER |
03380nam a22003377a 4500 |
| 001 |
45063 |
| 003 |
BD-DhAAL |
| 005 |
20251111143936.0 |
| 008 |
251111t2022 |||||||| |||| 00| 0 eng d |
| 020 |
|
|
|a 9781951949518
|
| 040 |
|
|
|a BD-DhAAL
|c BD-DhAAL
|
| 041 |
|
|
|a eng
|a jpn
|
| 082 |
|
|
|a 495.682421
|2 23
|
| 100 |
|
|
|a Mastery, Lingo,
|e author.
|9 59224
|
| 245 |
|
|
|a Japanese Hiragana and Katakana made easy :
|b an easy step-by-step workbook to learn the Japanese writing system /
|c Lingo Mastery.
|
| 246 |
3 |
8 |
|a Japanese Hiragana and Katakana made easy
|
| 260 |
|
|
|a [Place of publication not identified] :
|b Lingo Mastery,
|c c2022.
|
| 300 |
|
|
|a 194 pages :
|b illustrations ;
|c 28 cm
|
| 526 |
|
|
|a CSE
|x Annajiat Alim Rasel
Senior Lecturer
Department of Computer Science and Engineering
BRAC University
Course Name : Japanese Language and General for ITEE (JPN 101)
|
| 541 |
|
|
|a Book Finder International
|e 45063, 45064, 45065, 45066, 45067
|
| 650 |
|
|
|a Japanese language
|v Textbooks for foreign speakers
|x English.
|9 59285
|
| 650 |
|
|
|a Japanese language
|x Writing
|v Problems, exercises, etc.
|9 59703
|
| 650 |
|
|
|a Japanese language
|v Self-instruction.
|9 59616
|
| 852 |
|
|
|a Ayesha Abed Library
|c General Stacks
|
| 942 |
|
|
|c BK
|2 ddc
|
| 999 |
|
|
|c 47636
|d 47636
|
| 952 |
|
|
|0 0
|1 0
|2 ddc
|4 0
|6 495_682421000000000_MAS
|7 0
|9 78481
|a BRACUL
|b BRACUL
|c NEW
|d 2025-11-04
|e Book Finder International
|g 2237.00
|l 0
|o 495.682421 MAS
|p 3010045063
|r 2025-11-04
|t 1
|v 4474.00
|w 2025-11-04
|y BK
|x Requisitioned by Annajiat Alim Rasel (Senior Lecturer, Department of Computer Science and Engineering, BRAC University) for the course named - 'Japanese Language and General for ITEE (JPN 101)'
|
| 952 |
|
|
|0 0
|1 0
|2 ddc
|4 0
|6 495_682421000000000_MAS
|7 0
|9 78482
|a BRACUL
|b BRACUL
|c GEN
|d 2025-11-04
|e Book Finder International
|g 2237.00
|l 0
|o 495.682421 MAS
|p 3010045065
|r 2025-11-04
|t 3
|v 4474.00
|w 2025-11-04
|y BK
|x Requisitioned by Annajiat Alim Rasel (Senior Lecturer, Department of Computer Science and Engineering, BRAC University) for the course named - 'Japanese Language and General for ITEE (JPN 101)'
|
| 952 |
|
|
|0 0
|1 0
|2 ddc
|4 0
|6 495_682421000000000_MAS
|7 0
|9 78483
|a BRACUL
|b BRACUL
|c GEN
|d 2025-11-04
|e Book Finder International
|g 2237.00
|l 0
|o 495.682421 MAS
|p 3010045067
|r 2025-11-04
|t 5
|v 4474.00
|w 2025-11-04
|y BK
|x Requisitioned by Annajiat Alim Rasel (Senior Lecturer, Department of Computer Science and Engineering, BRAC University) for the course named - 'Japanese Language and General for ITEE (JPN 101)'
|
| 952 |
|
|
|0 0
|1 0
|2 ddc
|4 0
|6 495_682421000000000_MAS
|7 0
|9 78484
|a BRACUL
|b BRACUL
|c CIR
|d 2025-11-04
|e Book Finder International
|g 2237.00
|l 0
|o 495.682421 MAS
|p 3010045064
|r 2025-11-04
|t 2
|v 4474.00
|w 2025-11-04
|y 1HOUR
|x Requisitioned by Annajiat Alim Rasel (Senior Lecturer, Department of Computer Science and Engineering, BRAC University) for the course named - 'Japanese Language and General for ITEE (JPN 101)' ; As instructed by the University Librarian, the book has been placed on a one hour loan period following the receipt of five copies.
|
| 952 |
|
|
|0 0
|1 0
|2 ddc
|4 0
|6 495_682421000000000_MAS
|7 0
|9 78485
|a BRACUL
|b BRACUL
|c GEN
|d 2025-11-04
|e Book Finder International
|g 2237.00
|l 1
|o 495.682421 MAS
|p 3010045066
|r 2026-04-26
|s 2026-04-19
|t 4
|v 4474.00
|w 2025-11-04
|y BK
|x Requisitioned by Annajiat Alim Rasel (Senior Lecturer, Department of Computer Science and Engineering, BRAC University) for the course named - 'Japanese Language and General for ITEE (JPN 101)'
|